Countries by a picture of their national animal - Statistics

General Stats
  • This quiz has been taken 42 times
  • The average score is 12 of 25
Answer Stats
Picture Answer % Correct
Bangladesh, India
97%
Australia
88%
United States
88%
Finland, Russia
84%
New Zealand
84%
France
72%
Canada
66%
Eritrea, Kuwait, Saudi Arabia,Tunesia
66%
United Kingdom
59%
Japan
56%
Mauritius
53%
Botswana
47%
Peru
47%
Jordan, Oman, Qatar, UAE
41%
Spain
41%
Guyana, Mexico
28%
Pakistan, Kyrgyzstan
25%
Afghanistan, Pakistan
22%
Democratic Republic of Congo
22%
Belarus, Poland
19%
Denmark
13%
Poland, Lithuania
13%
Antigua and Barbuda, Kiribati
9%
Belize
9%
Papua New Guinea
9%
No matching quizzes found
Score Distribution
Percent of People with Each Score
Percentile by Number Answered
Your Score History
You have not taken this quiz